Vvedenije v kvantovuju teoriju kalibrevočnych polej

Guardado en:
Detalles Bibliográficos
Formato: Libro
Lenguaje:ruso
Publicado: Moskva Nauka 1988
Edición:2. pererab. i dopoln. izd.
Etiquetas: Agregar Etiqueta
Sin Etiquetas, Sea el primero en etiquetar este registro!

MARC

LEADER 00000nam a2200000 4500
001 c029693
005 20260128072207.1
041 0 |a rus 
044 |a RU 
245 1 0 |a Vvedenije v kvantovuju teoriju kalibrevočnych polej  |c Andrej Aleksejevič Slavnov, Ljudvig Dmitrijevič Faddejev 
250 |a 2. pererab. i dopoln. izd. 
264 1 |a Moskva  |b Nauka  |c 1988 
300 |a 267 s.